000 01173nam a22003377i 4500
003 EG-GICUC
005 20260508143300.0
008 260508s1978 fr ||||fr|||| 00| 0 fre d
020 _a2275014098
040 _aEG-GiCUC
_bfre
_cEG-GiCUC
_dEG-GiCUC
_eRda
041 _afre
082 0 4 _221
_a345.3231
_bLA.T
092 0 4 _221
099 _aLaw1 07 345.3231 LA.T 3ed 1978
100 1 _aLaubadère , André De
_eAuteur
245 _aTraité De Droit Administratif :
_bLes Grands Services Publics Administratifs /
_cAndré De Laubadère .
250 _aTROISIÈME ÉDITION .
264 _aParis :
_bLibrairie Générale De Droit Et De Jurisprudence ,
_c1978 .
300 _a564 page ;
_c 24 cm.
_billustration ;
336 _2rda contenu
_a texte
337 _2rda medias
_aOrdinateur
338 _2 transporteur rda
_a Ressource en ligne
504 _aBibliography: pages 200-250. 240-220
546 _aTexte en français
650 1 _aDroit administratif
_2qrmak
650 1 _aInstallation administrative générale
_2qrmak
651 1 _2qrmak
856 4 0 _uhttps://fll.law.cu.edu.eg/fulltext/bks/B07-05764..pdf
905 _a60
942 _2ddc
_cBK
_e21
_n0
999 _c76274
_d76274